El proceso de la Investigación científica. Incluye glosario y manual de proyectos
| Main Author: | |
|---|---|
| Format: | Section = Libro |
| Language: | Undetermined Spanish |
| Published: |
México
Limusa
1999
|
| Edition: | 3a.ed. |
| Subjects: |
| LEADER | 00653nam a2200229Ia 4500 | ||
|---|---|---|---|
| 008 | 241007s9999||||xx |||||||||||||| ||und|| | ||
| 020 | |a 968-18-4752-0 | ||
| 040 | |a BIBLIOTECA-RURC/ 001.4 T153 | ||
| 041 | |a spa | ||
| 082 | |a 001.4 T153 | ||
| 100 | 1 | |a Tamayo y Tamayo, Mario | |
| 245 | 1 | 0 | |a El proceso de la Investigación científica. Incluye glosario y manual de proyectos |
| 250 | |a 3a.ed. | ||
| 260 | |a México |b Limusa |c 1999 | ||
| 300 | |a 231 p. :il. | ||
| 650 | 7 | |a INVESTIGACION CIENTIFICA | |
| 650 | 7 | |b IMUESTREO (ESTADÍSTICA) | |
| 650 | 7 | |c CUESTIONARIOS | |
| 650 | 7 | |d REDACCIÓN DE INFORMES | |
| 942 | |c BK |2 ddc | ||
| 991 | |a TEXTO | ||
| 999 | |c 14211 | ||